<?xml version="1.0" encoding="UTF-8"?>
<record
    xmlns:xsi="http://www.w3.org/2001/XMLSchema-instance"
    xsi:schemaLocation="http://www.loc.gov/MARC21/slim http://www.loc.gov/standards/marcxml/schema/MARC21slim.xsd"
    xmlns="http://www.loc.gov/MARC21/slim">

  <leader>01964nam a2200301   4500</leader>
  <controlfield tag="001">409</controlfield>
  <controlfield tag="003">OSt</controlfield>
  <controlfield tag="005">20250528074019.0</controlfield>
  <controlfield tag="008">250516b        |||||||g |||| 00| 1 eng d</controlfield>
  <datafield tag="020" ind1=" " ind2=" ">
    <subfield code="a">9788580575071</subfield>
  </datafield>
  <datafield tag="040" ind1=" " ind2=" ">
    <subfield code="b">por</subfield>
  </datafield>
  <datafield tag="041" ind1=" " ind2=" ">
    <subfield code="h">eng</subfield>
    <subfield code="a">por</subfield>
  </datafield>
  <datafield tag="082" ind1=" " ind2=" ">
    <subfield code="a">813</subfield>
    <subfield code="b">H311c</subfield>
  </datafield>
  <datafield tag="240" ind1=" " ind2=" ">
    <subfield code="a">Sure Signs of Crazy</subfield>
  </datafield>
  <datafield tag="245" ind1=" " ind2=" ">
    <subfield code="a">Claros Sinais de Loucura /</subfield>
    <subfield code="c">Harrington Karen ; Tradu&#xE7;&#xE3;o de Edmundo Barreiros</subfield>
  </datafield>
  <datafield tag="260" ind1=" " ind2=" ">
    <subfield code="a">Rio de Janeiro</subfield>
    <subfield code="b">Intr&#xED;nseca</subfield>
    <subfield code="c">2014</subfield>
  </datafield>
  <datafield tag="300" ind1=" " ind2=" ">
    <subfield code="a">256 p.</subfield>
  </datafield>
  <datafield tag="520" ind1=" " ind2=" ">
    <subfield code="a">Voc&#xEA; nunca conheceu ningu&#xE9;m como Sarah Nelson. Enquanto a maioria dos amigos adora Harry Potter, ela passa o tempo escrevendo cartas para Atticus Finch, o advogado de O sol &#xE9; para todos. Coleciona palavras-problema em um di&#xE1;rio, tem uma planta como melhor amiga e vive tentando achar em si mesma sinais de que est&#xE1; ficando louca. N&#xE3;o &#xE9; &#xE0; toa: a m&#xE3;e tentou afog&#xE1;-la e ao irm&#xE3;o quando eles tinham apenas dois anos, e desde ent&#xE3;o mora em uma institui&#xE7;&#xE3;o psiqui&#xE1;trica. O pai, professor, tornou-se alco&#xF3;latra.
Fugindo da notoriedade do crime, ele e Sarah j&#xE1; se mudaram de diversas cidades, e a menina jamais se sentiu em casa em nenhuma delas. Com a chegada do ver&#xE3;o em que completa doze anos, ela est&#xE1; cada vez mais apreensiva. Sente falta de um pai mais presente e das experi&#xEA;ncias que n&#xE3;o viveu com a m&#xE3;e, j&#xE1; se acha grande demais para passar as f&#xE9;rias na casa dos av&#xF3;s, est&#xE1; preocupada com a &#xE1;rvore geneal&#xF3;gica que far&#xE1; na escola e ansiosa pelo primeiro beijo de l&#xED;ngua que ainda n&#xE3;o aconteceu.
Mas a vida n&#xE3;o pode ser s&#xF3; de preocupa&#xE7;&#xF5;es, e, entre uma descoberta e outra, Sarah vai perceber que seu ver&#xE3;o tem tudo para ser muito mais. Bem como seu futuro.
</subfield>
  </datafield>
  <datafield tag="650" ind1=" " ind2="0">
    <subfield code="a">Literatura Americana</subfield>
    <subfield code="9">84</subfield>
  </datafield>
  <datafield tag="650" ind1=" " ind2="0">
    <subfield code="a">Espiritualidade</subfield>
    <subfield code="9">16</subfield>
  </datafield>
  <datafield tag="650" ind1=" " ind2="0">
    <subfield code="a">Filosofia </subfield>
    <subfield code="9">4</subfield>
  </datafield>
  <datafield tag="650" ind1=" " ind2="0">
    <subfield code="a">Animais </subfield>
    <subfield code="9">59</subfield>
  </datafield>
  <datafield tag="650" ind1=" " ind2="0">
    <subfield code="a">Auto Conhecimento</subfield>
    <subfield code="9">19</subfield>
  </datafield>
  <datafield tag="650" ind1=" " ind2="0">
    <subfield code="a">Filme</subfield>
    <subfield code="9">26</subfield>
  </datafield>
  <datafield tag="655" ind1=" " ind2="0">
    <subfield code="a">Romance</subfield>
    <subfield code="9">23</subfield>
  </datafield>
  <datafield tag="655" ind1=" " ind2="0">
    <subfield code="a">Fic&#xE7;&#xE3;o </subfield>
    <subfield code="9">22</subfield>
  </datafield>
  <datafield tag="942" ind1=" " ind2=" ">
    <subfield code="2">ddc</subfield>
    <subfield code="n">0</subfield>
    <subfield code="c">BK</subfield>
  </datafield>
  <datafield tag="952" ind1=" " ind2=" ">
    <subfield code="0">0</subfield>
    <subfield code="1">0</subfield>
    <subfield code="2">ddc</subfield>
    <subfield code="4">0</subfield>
    <subfield code="7">0</subfield>
    <subfield code="8">FIC</subfield>
    <subfield code="a">BIBIB</subfield>
    <subfield code="b">BIBIB</subfield>
    <subfield code="c">LE</subfield>
    <subfield code="d">2025-05-16</subfield>
    <subfield code="e">doa&#xE7;&#xE3;o</subfield>
    <subfield code="l">0</subfield>
    <subfield code="o">813 / H311c</subfield>
    <subfield code="p">2025-17347</subfield>
    <subfield code="r">2025-05-16 09:54:42</subfield>
    <subfield code="w">2025-05-16</subfield>
    <subfield code="y">BK</subfield>
  </datafield>
  <datafield tag="999" ind1=" " ind2=" ">
    <subfield code="c">409</subfield>
    <subfield code="d">409</subfield>
  </datafield>
</record>
